00327nam a2200121Ia 4500008004100000041000800041082001700049100001700066245004500083260003200128300003100160365001400191240624s9999 xx 000 0 und d aeng a155.9042 CLA aCLAYTON MIKE aBRILLIANT STRESS MANAGEMENT HOW TO MANAG c2011aLondonbPrentice Hall axiv, : 216 : p. : cm. ; 21 cGBPb27.5